Krátky slovník slovenského jazyka
Uložené v:
| Médium: | Kniha |
|---|---|
| Jazyk: | Slovak |
| Vydavateľské údaje: |
Bratislava
VEDA vydavateľstvo Slovenskej akadémie vied
1997
|
| Vydanie: | 3. dopl. vyd. |
| On-line prístup: | View in OPAC |
| Tagy: |
Žiadne tagy, Buďte prvý, kto otaguje tento záznam!
|
MARC
| LEADER | 00000nam a2200000 a 4500 | ||
|---|---|---|---|
| 005 | 20260127133941.0 | ||
| 008 | 061205s1997 xo slo d | ||
| 020 | |a 8022404640 (tvrdá väzba) |c 585.00 | ||
| 035 | |a vtls008889685 | ||
| 035 | |a SNMK208 | ||
| 039 | 9 | |a 200809161154 |b mschk03 |c 200612111406 |d VLOAD |y 200612111309 |z VLOAD | |
| 040 | |a SNMK |b slo |c SNMK |d STUSCHK1 | ||
| 041 | 0 | |a slo | |
| 080 | |a 801.321.1 | ||
| 245 | 0 | |a Krátky slovník slovenského jazyka | |
| 250 | |a 3. dopl. vyd. | ||
| 260 | |a Bratislava |b VEDA vydavateľstvo Slovenskej akadémie vied |c 1997 | ||
| 300 | |a 943 s. tvrdá väzba | ||
| 910 | |a snmk | ||
| 910 | |a SCHK95 | ||
| 919 | |a 80-224-0464-0 | ||
| 999 | |c 716 |d 716 | ||